[Event "Villa Yayabo tt"]
[Site "Sancti Spiritus"]
[Date "2018.06.09"]
[Round "8.2"]
[White "Molina Garcia, Liester"]
[Black "Aragon Placencia, Jesus"]
[Result "1/2-1/2"]
[WhiteElo "2030"]
[BlackElo "2055"]
[PlyCount "43"]
[EventDate "2018.06.04"]
[EventType "team-tourn"]
[EventRounds "10"]
[EventCountry "CUB"]
[SourceTitle "EXT 2021"]
[Source "ChessBase"]
[SourceDate "2020.10.23"]
[SourceVersion "1"]
[SourceVersionDate "2020.10.23"]
[SourceQuality "1"]

1. e4 e6 2. d4 d5 3. Nc3 Nf6 4. e5 Nfd7 5. f4 c5 6. Nf3 Nc6 7. Be3 cxd4 8. Nxd4 Bc5 9. Qd2 Nxd4 10. Bxd4 Bxd4 11. Qxd4 Qb6 12. Qxb6 Nxb6 13. 0-0-0 Bd7 14. Bd3 0-0 15. Ne2 Rac8 16. Kb1 Nc4 17. Bxc4 Rxc4 18. Nd4 a6 19. c3 Rfc8 20. Rd2 g6 21. Rhd1 Kg7 22. h3 1/2-1/2

[Event "Tomas Aguilera Angelino Memorial"]
[Site "Ciego de Avila"]
[Date "2018.04.07"]
[Round "5"]
[White "Aragon Placencia, Jesus"]
[Black "Cabrales Santos, Guzman"]
[Result "1-0"]
[WhiteElo "2078"]
[BlackElo "1549"]
[PlyCount "69"]
[EventDate "2018.04.05"]
[EventType "swiss"]
[EventRounds "9"]
[EventCountry "CUB"]
[SourceTitle "EXT 2021"]
[Source "ChessBase"]
[SourceDate "2020.10.23"]
[SourceVersion "1"]
[SourceVersionDate "2020.10.23"]
[SourceQuality "1"]

1. d4 Nf6 2. Nf3 e6 3. Bg5 Be7 4. Nbd2 0-0 5. e4 d6 6. Bd3 Nbd7 7. 0-0 h6 8. Bh4 b6 9. Qe2 Bb7 10. c4 c5 11. d5 e5 12. Ne1 Nh7 13. Bg3 Bh4 14. Nef3 Bxg3 15. fxg3 Ndf6 16. Nh4 Bc8 17. Nf5 Bxf5 18. Rxf5 Qd7 19. Raf1 g6 20. Rxf6 Nxf6 21. Rxf6 Kg7 22. Rf1 Qg4 23. a3 Qd7 24. Qf3 Qe7 25. h4 h5 26. Qe2 Rab8 27. Nf3 Rb7 28. Ng5 Qd7 29. Qf3 Kg8 30. Be2 a6 31. a4 Qxa4 32. Qf6 Qd7 33. Ne6 fxe6 34. Qxf8+ Kh7 35. Rf6 1-0

[Event "Tomas Aguilera Angelino Memorial"]
[Site "Ciego de Avila"]
[Date "2018.04.06"]
[Round "4"]
[White "Borroto Fajardo, Alian Alberto"]
[Black "Aragon Placencia, Jesus"]
[Result "1-0"]
[WhiteElo "1844"]
[BlackElo "2078"]
[PlyCount "93"]
[EventDate "2018.04.05"]
[EventType "swiss"]
[EventRounds "9"]
[EventCountry "CUB"]
[SourceTitle "EXT 2021"]
[Source "ChessBase"]
[SourceDate "2020.10.23"]
[SourceVersion "1"]
[SourceVersionDate "2020.10.23"]
[SourceQuality "1"]

1. d4 d5 2. Bf4 Nf6 3. e3 Bf5 4. c4 e6 5. Qb3 b6 6. Nc3 dxc4 7. Bxc4 Bd6 8. Bg5 Be7 9. Nf3 0-0 10. Rc1 Nbd7 11. 0-0 Ne4 12. Nxe4 Bxe4 13. Bf4 Nf6 14. Ne5 Nh5 15. Bxe6 Nxf4 16. Bxf7+ Kh8 17. exf4 Bd6 18. Bd5 Bxe5 19. Bxa8 Qxa8 20. dxe5 Bxg2 21. Rfe1 Bd5 22. Qg3 c6 23. b3 Qe8 24. Rcd1 Qe6 25. Re3 h6 26. Rde1 Rf5 27. h4 a5 28. f3 Qe7 29. Kf2 Be6 30. Rg1 Rf7 31. Rd1 Bd5 32. Qg4 Be6 33. Qg3 Qc5 34. Rd8+ Kh7 35. h5 Bf5 36. Rd2 Re7 37. Ke2 a4 38. Qf2 axb3 39. axb3 Qb5+ 40. Ke1 Ra7 41. Qe2 Qb4 42. Qc4 Qe7 43. Red3 Qh4+ 44. Ke2 Ra1 45. Rd1 Qh2+ 46. Ke3 Ra7 47. Rd8 1-0

[Event "Bayamo Cespedes Memorial op"]
[Site "Bayamo"]
[Date "2017.03.06"]
[Round "7.6"]
[White "Aragon Placencia, Jesus"]
[Black "Lores Pulgares, Felix"]
[Result "1/2-1/2"]
[WhiteElo "2077"]
[BlackElo "2049"]
[PlyCount "43"]
[EventDate "2017.03.01"]
[EventType "swiss"]
[EventRounds "9"]
[EventCountry "CUB"]
[SourceTitle "EXT 2023"]
[Source "ChessBase"]
[SourceDate "2022.10.05"]
[SourceVersion "1"]
[SourceVersionDate "2022.10.05"]
[SourceQuality "1"]

1. e4 c5 2. Nf3 d6 3. d4 cxd4 4. Qxd4 a6 5. Be3 Nc6 6. Qd2 Nf6 7. Nc3 e6 8. Be2 Be7 9. h3 b5 10. a3 Bb7 11. 0-0 0-0 12. Rad1 Qc7 13. Bf4 Rfd8 14. Bd3 Rac8 15. Rfe1 Ne5 16. Nxe5 dxe5 17. Bh2 Nd7 18. Qe2 Qb6 19. Nb1 Bd6 20. c3 Nc5 21. Bc2 Qc6 22. Nd2 1/2-1/2

[Event "Bayamo Cespedes Memorial op"]
[Site "Bayamo"]
[Date "2017.03.03"]
[Round "3.4"]
[White "Aragon Placencia, Jesus"]
[Black "Gomez Arnau, Reinerio"]
[Result "1-0"]
[WhiteElo "2077"]
[BlackElo "2195"]
[PlyCount "123"]
[EventDate "2017.03.01"]
[EventType "swiss"]
[EventRounds "9"]
[EventCountry "CUB"]
[SourceTitle "EXT 2023"]
[Source "ChessBase"]
[SourceDate "2022.10.05"]
[SourceVersion "1"]
[SourceVersionDate "2022.10.05"]
[SourceQuality "1"]

1. e4 e5 2. Nf3 Nc6 3. Bc4 Nf6 4. d3 Bc5 5. 0-0 d6 6. h3 Be6 7. Bb3 h6 8. c3 Bb6 9. Be3 Qe7 10. Re1 g5 11. Bxb6 axb6 12. d4 g4 13. d5 gxf3 14. dxe6 fxe6 15. Qxf3 0-0-0 16. Nd2 Rdf8 17. Qe2 Rhg8 18. Kh2 Kb8 19. a4 Qf7 20. Rf1 Qg6 21. Rg1 Nh5 22. g3 Rf6 23. Raf1 Qf7 24. Bd1 Ng7 25. b4 Rf8 26. Rg2 Ne8 27. Nc4 Qe7 28. Ne3 R6f7 29. Qb5 Nf6 30. f3 Nh7 31. h4 Nf6 32. a5 Na7 33. Qd3 Nc8 34. a6 c6 35. Ra2 Nh5 36. Be2 Rg8 37. axb7 Qxb7 38. Ng4 Nxg3 39. Kxg3 h5 40. Kh3 hxg4+ 41. fxg4 Rf4 42. Rxf4 exf4 43. Qf3 e5 44. b5 Qf7 45. Ra3 Qe7 46. bxc6 Rh8 47. h5 d5 48. Ra4 dxe4 49. Qxe4 Kc7 50. Qc4 Qg5 51. Qf7+ Ne7 52. Ra7+ Kd6 53. Rd7+ Kxc6 54. Rxe7 Rxh5+ 55. Kg2 Rh2+ 56. Kxh2 Qh4+ 57. Kg2 Qg3+ 58. Kf1 Qh3+ 59. Ke1 Qxc3+ 60. Kd1 Qd4+ 61. Kc2 Qe4+ 62. Bd3 1-0

[Event "Ciego de Avila"]
[Site "Ciego de Avila"]
[Date "2010.10.22"]
[Round "8"]
[White "Sanchez Alvarez, Roberto Carlos"]
[Black "Aragon Placencia, Jesus"]
[Result "1/2-1/2"]
[WhiteElo "2359"]
[BlackElo "2077"]
[PlyCount "50"]
[EventDate "2010.10.15"]
[EventType "tourn"]
[EventRounds "14"]
[EventCountry "CUB"]
[SourceTitle "EXT 2013"]
[Source "ChessBase"]
[SourceDate "2012.11.22"]
[SourceVersion "1"]
[SourceVersionDate "2012.11.22"]
[SourceQuality "1"]

1. d4 d5 2. c4 c6 3. Nf3 Nf6 4. Nc3 dxc4 5. a4 Bf5 6. Nh4 Bg6 7. Nxg6 hxg6 8. e3 e6 9. Bxc4 Nbd7 10. 0-0 Qa5 11. Be2 Bd6 12. f4 0-0-0 13. Bd2 Bb4 14. Bf3 Nb6 15. Qe2 g5 16. fxg5 Qxg5 17. a5 Rxh2 18. Kxh2 Bd6+ 19. Kg1 Qg3 20. e4 Ng4 21. Bxg4 Qh2+ 22. Kf2 Qg3+ 23. Kg1 Qh2+ 24. Kf2 Qg3+ 25. Kg1 Qh2+ 1/2-1/2

[Event "Ciego de Avila Province-ch final"]
[Site "Ciego de Avila"]
[Date "2009.10.18"]
[Round "4"]
[White "Aragon Placencia, Jesus"]
[Black "Sanchez Alvarez, Roberto Carlos"]
[Result "1/2-1/2"]
[WhiteElo "2073"]
[BlackElo "2318"]
[PlyCount "58"]
[EventDate "2009.10.15"]
[EventType "tourn"]
[EventRounds "10"]
[EventCountry "CUB"]
[SourceTitle "EXT 2019"]
[Source "ChessBase"]
[SourceDate "2018.10.10"]
[SourceVersion "1"]
[SourceVersionDate "2018.10.10"]
[SourceQuality "1"]

1. e3 g6 2. f4 Bg7 3. Nf3 d6 4. Bc4 Nf6 5. Nc3 d5 6. Bb3 0-0 7. d4 c5 8. dxc5 e6 9. 0-0 Nbd7 10. Na4 Qc7 11. Bd2 Nxc5 12. Nxc5 Qxc5 13. c3 b6 14. Bc2 Ba6 15. Re1 Rad8 16. Nd4 Qc7 17. Rc1 Nd7 18. e4 dxe4 19. Bxe4 Nc5 20. Qf3 e5 21. fxe5 Bxe5 22. Bh6 Rfe8 23. Bc6 Bxh2+ 24. Kh1 Rxe1+ 25. Rxe1 Be5 26. Bd5 Nd3 27. Rxe5 Qxe5 28. Qxf7+ Kh8 29. Ne6 Qe1+ 1/2-1/2

[Event "Ciego de Avila Province-ch 1st etapa"]
[Site "Ciego de Avila"]
[Date "2009.09.24"]
[Round "1"]
[White "Aragon Placencia, Jesus"]
[Black "Ruiz Carballido, David"]
[Result "0-1"]
[WhiteElo "2073"]
[BlackElo "2038"]
[PlyCount "61"]
[EventDate "2009.09.21"]
[EventType "tourn"]
[EventRounds "14"]
[EventCountry "CUB"]
[SourceTitle "EXT 2019"]
[Source "ChessBase"]
[SourceDate "2018.10.10"]
[SourceVersion "1"]
[SourceVersionDate "2018.10.10"]
[SourceQuality "1"]

1. e4 c5 2. Nf3 Nc6 3. Bb5 g6 4. 0-0 Bg7 5. c3 Nf6 6. Re1 0-0 7. d4 cxd4 8. cxd4 d5 9. Bxc6 bxc6 10. e5 Ne4 11. Nc3 Nxc3 12. bxc3 Qa5 13. Bd2 Qa6 14. h3 Rb8 15. Qc1 Qd3 16. Re3 Qc4 17. Re1 Rb7 18. Qa3 Bf5 19. Bg5 c5 20. dxc5 Rc8 21. Be3 Bf8 22. Nd4 e6 23. Nxf5 gxf5 24. Rab1 Rxb1 25. Rxb1 Bxc5 26. Bxc5 Qxc5 27. Qc1 Qe7 28. Qh6 Qf8 29. Qe3 Qe7 30. Rb4 Kh8 31. a4 0-1